000 01270nam a22001457a 4500
999 _c521634
_d521634
008 230217b ||||| |||| 00| 0 eng d
100 _aBuljan, A., Savljek, S. and Skrbic, M.D.
_937351
245 _aIn search of the optimal size for local government: An assessment of economies of scale in local government in Croatia
260 _aLocal Government Studies
300 _a48(4), Aug, 2022: p.604-627
520 _aThis paper brings an empirical assessment of economies of scale in local government units in Croatia. Using cross-section OLS models, we found statistically significant U-shaped relationship between local per capita expenditures and population size, while controlling for various demographic, socio-economic and institutional factors. The choice of control variables in the paper is based on the existing empirical literature but also includes factors capturing the specificities of Croatian economy and local government institutional setup. Using estimated regression coefficients we calculated the optimal size of local units and showed that population size is below optimal in 72% of cities and 76% of municipalities (based on median results). – Reproduced
773 _aLocal Government Studies
906 _aLOCAL GOVERNMENT
942 _cAR